000 00956nam a2200241Ia 4500
003 OSt
005 20200908124037.0
008 191128s1992 cx a gr 000 0dspa d
020 _a958954780X
040 _aCO-JMCR
_cCO-JMCR
041 0 _aspa
082 0 4 _a378.168 /
_bR627a
_223
100 1 _aRodríguez Oróstrgui, Francisco,
_e autor
_99947
245 1 0 _aAnálisis del crédito educativo para postgrados :
_b el caso de América Latina /
_cFrancisco Rodríguez Oróstrgui
260 _aBogotá :
_bEditora Guadalupe,
_c1992.
300 _a160 páginas :
_bdiagramas a blanco y negro ;
_c21 cm.
504 _aBibliografía : páginas 159-160.
505 0 _aDeterminación y análisis de los modelos de crédito educativo para postgrado -- Area financiera -- Servicios -- Area administrativa -- Impacto
650 2 4 _aPréstamos estudiantiles
_99948
650 2 4 _aEducación superior
_95582
650 2 4 _aAyuda estudiantil
_99949
942 _2ddc
_cBK
999 _c6026
_d6026